| 000 | 00633nam a2200217Ia 4500 | ||
|---|---|---|---|
| 008 | 101110s9999 xx 000 0 und d | ||
| 041 | _aENGLISH | ||
| 082 | _bSR30744 | ||
| 100 | _aJoshi Neema, Chitale S.G., Rege S.R. and others | ||
| 245 | _aA new approach to mathematical technoques FYBCom | ||
| 260 |
_c2008 _bSheth pub.pvt.ltd.,Mumbai |
||
| 300 | _a204 | ||
| 365 | _b90 | ||
| 520 | _aStats/Maths | ||
| 546 | _aENGLISH | ||
| 630 | _aA new approach to mathematical technoques FYBCom | ||
| 650 | _aStats/Maths | ||
| 655 | _aStats/Maths | ||
| 730 | _aA new approach to mathematical technoques FYBCom | ||
| 942 | _cBOOK | ||
| 999 |
_c823247 _d823244 |
||